| 000 | 00398nam a2200169Ia 4500 | ||
|---|---|---|---|
| 008 | 230524s9999 xx 000 0 und d | ||
| 020 | _a8123901216 | ||
| 082 |
_a624.151 _bSIN |
||
| 100 | _aAlam Singh | ||
| 245 | 0 | _aModern Geotechnical Engineering | |
| 250 | _a3 | ||
| 260 |
_aNew Delhi _bCBS _c2014 |
||
| 300 | _a"xv,846p;" | ||
| 500 | _aQuantity Number: 3 | ||
| 650 | _aCivil | ||
| 942 | _cBK | ||
| 999 |
_c55339 _d55339 |
||